000 00348nam a2200145Ia 4500
008 210716s2005 xx 000 0 und d
041 _aeng
082 _a660.6 JOGS
100 _aJogdand, S N.
245 _aAdvances in biotechnology.
250 _a1
260 _aNew Delhi
_bHimalaya Publishing House
_c2005
300 _a311
650 _aNone
999 _c187295
_d187295